000 00304nam a22001337a 4500
008 170616b xxu||||| |||| 00| 0 eng d
020 _a9780073103495
041 _aeng
080 _28 ED
_a32
100 _a20
101 _aSHP
245 _aTHE AMERICAN DEMOCRACY
_cPATTERSON.TH.E
942 _2udc
_cBK
999 _c17967
_d17967